Normal view
MARC view
- TUNING IN TO UNDERGROUND BROADCASTS IN THE AIR AND ONLINE
Entry Topical Term
001 - CONTROL NUMBER
- control field: 64170
003 - CONTROL NUMBER IDENTIFIER
- control field: NUST
005 - DATE AND TIME OF LATEST TRANSACTION
- control field: 20210628203232.0
008 - FIXED-LENGTH DATA ELEMENTS
- fixed length control field: 210628|| aca||aabn | a|a d
040 ## - CATALOGING SOURCE
- Original cataloging agency: NUST
- Transcribing agency: NUST
150 ## - HEADING--TOPICAL TERM
- Topical term or geographic name entry element: TUNING IN TO UNDERGROUND BROADCASTS IN THE AIR AND ONLINE
670 ## - SOURCE DATA FOUND
- Source citation: Work cat.: (NUST): Yoder , Andrew 64169, Pirate radio station , tuning in to underground broadcasts in the air and online, 2002
